000 01061nam a22002297a 4500
999 _c169035
_d169035
005 20191104155346.0
010 _aB-730687
020 _c295.00
_a8189356062
035 _aB-730687
037 _bडी.बी.ए.डी./ उपहार
082 _a822
100 _aसरस्वती कुमार 'दीपक'
245 _aगुड़ियों का देश /
_cसरस्वती कुमार 'दीपक'
246 _aGudion Ka Desh
_bby Sarswati Kumar 'Deepak'
260 _aदिल्ली
_bफीनिक्स बुक इंटरनेशनल
_c2017
270 _a(बैक साइड) 1376,कश्मीरी गेट
_bदिल्ली
_e110006
300 _a60 पृ.
_c24सेमी(सजिल्द)
_bसचित्र
650 _a हिन्दी नाटक
650 _a Hindi Darama
942 _2ddc
_cCH
_mसरस्व
_h822